Indian Penal Code 4th Ed. (Record no. 18893)

MARC details
000 -LEADER
fixed length control field 00400nam a2200157Ia 4500
008 - FIXED-LENGTH DATA ELEMENTS--GENERAL INFORMATION
fixed length control field 221030s9999 xx 000 0 und d
020 ## - INTERNATIONAL STANDARD BOOK NUMBER
ISBN 9789388267564
041 ## - LANGUAGE CODE
Language code of text/sound track or separate title
100 ## - MAIN ENTRY--AUTHOR NAME
Personal name N. V. Paranjape
245 #0 - TITLE STATEMENT
Title Indian Penal Code 4th Ed.
Statement of responsibility, etc by N. V. Paranjape
250 ## - EDITION STATEMENT
Edition statement 4th
260 ## - PUBLICATION, DISTRIBUTION, ETC. (IMPRINT)
Name of publisher Central Law Publications
Place of publication Prayagraj
Year of publication 2022
300 ## - PHYSICAL DESCRIPTION
Number of Pages 956
650 ## - SUBJECT ADDED ENTRY--TOPICAL TERM
Topical Term Penal Code
942 ## - ADDED ENTRY ELEMENTS (KOHA)
Koha item type Books
Holdings
Accession Number Cost, normal purchase price Bill Date Source of acquisition Price effective from Koha item type Withdrawn / writtenoff status Materials specified (bound volume or other part) Damaged status Not for loan Permanent Location Current Location Shelving location Date acquired Lost/ Missing status department
LLB 144 690.00 15 RKB 10/30/2022 Books   Print     MIET Library, Jammu MIET Library, Jammu BL-, FL-, CUP-176, SH-4, R-4 05/04/2022   BBA LLB